Nada más que historia: teoría y metodología

Saved in:
Bibliografiske detaljer
Hovedforfatter: Galasso, Giuseppe (Author)
Format: Bog
Sprog:spansk
Udgivet: Barcelona Ariel 2001
Serier:Ariel Historia
Fag:
Tags: Tilføj Tag
Ingen Tags, Vær først til at tagge denne postø!

MARC

LEADER 00000nam a2200000 a 4500
001 UCM3664
003 CL-VaPUC
008 020712e20010000SP |||||||||||||||||spa|d
082 0 4 |a 901  |b GAL  |2 21 
100 |a Galasso, Giuseppe  |e author  |9 622248 
245 1 0 |a Nada más que historia: teoría y metodología 
300 |a 318 p 
942 |c BK 
945 |d 20020712 00:00:00  |a cmena 
260 |a Barcelona  |b Ariel  |c 2001 
650 0 |a Filosofía de la historia  |9 265651 
650 0 |a Historiografía   |9 257871 
583 |a last modification  |c 20020712 00:00:00  |k Rodrigo Vera 
490 0 |a Ariel Historia 
999 |c 300867  |d 300865 
952 |0 0  |1 0  |4 0  |6 901_000000000000000_GAL_2001  |7 0  |8 A  |9 359245  |a BIBHIS  |b BIBHIS  |d 2019-11-21  |i 3826279  |o 901 GAL 2001  |p 3826279  |r 2025-01-20  |w 2019-11-21  |y BK  |k HIS